La fiesta inolvidable
Hrundi V. Bakshi es un espantoso actor de origen hindú que se encuentra rodando una película en el desierto. Por sus continuas meteduras de pata, es despedido del rodaje. Inesperadamente, recibe una invitación para asistir a una sofisticada fiesta organizada por el productor de su última película. G...
Guardado en:
| Autor Principal: | |
|---|---|
| Autor Corporativo: | |
| Otros Autores: | , , , |
| Formato: | |
| Idioma: | Undetermined |
| Publicado: |
Estados Unidos :
United Artists,
1968.
|
| Materias: | |
| Etiquetas: |
Agregar Etiqueta
Sin Etiquetas, Sea el primero en etiquetar este registro!
|
| LEADER | 01306ngm a22002535a 4500 | ||
|---|---|---|---|
| 001 | CEM.cems020499 | ||
| 008 | 230927s1968####xx#---############vlund#d | ||
| 005 | 20230927201459.0 | ||
| 245 | 1 | 0 | |a La fiesta inolvidable |h [videograbación] / |c Blake Edwards. |
| 260 | |a Estados Unidos : |b United Artists, |c 1968. | ||
| 300 | |a 98'. | ||
| 520 | |a Hrundi V. Bakshi es un espantoso actor de origen hindú que se encuentra rodando una película en el desierto. Por sus continuas meteduras de pata, es despedido del rodaje. Inesperadamente, recibe una invitación para asistir a una sofisticada fiesta organizada por el productor de su última película. Gracias a Hrundi, en la fiesta se producirán las situaciones más disparatadas. | ||
| 590 | |a Identificación anterior: 188 | ||
| 538 | |a Soporte: DVD -- Formato: AVI Peso: 942mb -- Resolución: 512x208 -- 23.98 fps | ||
| 500 | |a Título original: The Party Idioma:Inglés Subtítulos: Español. | ||
| 100 | 1 | |a Edwards, Blake. | |
| 700 | 1 | |a Mancini, Henry; Música. | |
| 700 | 1 | |a Sellers, Peter; Reparto. | |
| 700 | 1 | |a Longet, Claudine; Reparto. | |
| 700 | 1 | |a MacLeod, Gavin; Reparto. | |
| 710 | 2 | |a The Mirisch Corporation. | |
| 653 | |a LARGOMETRAJE | ||
| 653 | |a FICCIÓN | ||
| 859 | |a CEMS |b BIB. CEMS - Depto. Recursos Didacticos |h 778.5 |i EDW |k DRD |p 3133.23 |t Ej.1 | ||
